[Event "SRI-ch (Women)"]
[Site "Colombo"]
[Date "2013.10.04"]
[Round "8"]
[White "Lenagala, Janaki"]
[Black "Maheshika, DMP"]
[Result "0-1"]
[WhiteElo "1527"]
[BlackElo "1712"]
[PlyCount "64"]
[EventDate "2013.09.27"]
[EventType "tourn"]
[EventRounds "13"]
[EventCountry "SRI"]
[SourceTitle "CBM 156 Extra"]
[Source "ChessBase"]
[SourceDate "2013.10.22"]
[SourceVersion "1"]
[SourceVersionDate "2013.10.22"]
[SourceQuality "1"]

1. d4 Nf6 2. Nf3 e6 3. Bg5 c5 4. c3 cxd4 5. Nxd4 Be7 6. Nd2 b6 7. e4 a6 8. Qb3 Bb7 9. f3 d6 10. 0-0-0 Nbd7 11. Be3 Nc5 12. Qc2 Qc7 13. Kb1 d5 14. exd5 Nxd5 15. Bf2 Rd8 16. N2b3 0-0 17. Nxc5 Bxc5 18. Bd3 h6 19. Be4 b5 20. g4 Qb6 21. Rd2 Rd7 22. f4 Rc8 23. g5 h5 24. g6 f5 25. Bd3 Ne7 26. Re1 Bd5 27. a3 Qd6 28. Rde2 Bxd4 29. Bxd4 Nxg6 30. Qd2 Qxf4 31. Qc2 Qb8 32. Qd2 Qf4 0-1

[Event "SRI-ch (Women)"]
[Site "Colombo"]
[Date "2013.09.28"]
[Round "4"]
[White "Lenagala, Janaki"]
[Black "Mendis, Dasuni Hansika"]
[Result "1/2-1/2"]
[WhiteElo "1527"]
[BlackElo "1533"]
[PlyCount "47"]
[EventDate "2013.09.27"]
[EventType "tourn"]
[EventRounds "13"]
[EventCountry "SRI"]
[SourceTitle "CBM 156 Extra"]
[Source "ChessBase"]
[SourceDate "2013.10.22"]
[SourceVersion "1"]
[SourceVersionDate "2013.10.22"]
[SourceQuality "1"]

1. d4 Nf6 2. Nf3 c5 3. Bg5 cxd4 4. Qxd4 Nc6 5. Qd1 e6 6. e4 Be7 7. Nbd2 h6 8. Be3 d5 9. e5 Nd7 10. Bb5 Qc7 11. Bf4 0-0 12. 0-0 a6 13. Bxc6 bxc6 14. Bg3 Bb7 15. Re1 Rfb8 16. Rc1 c5 17. c4 d4 18. b3 Nb6 19. Qc2 a5 20. Ne4 a4 21. b4 d3 22. Qxd3 Bxe4 23. Qxe4 cxb4 24. Nd4 1/2-1/2